| 000 | 00334nam a2200097Ia 4500 | ||
|---|---|---|---|
| 008 | 220204s9999 xx 000 0 und d | ||
| 082 |
_aNR:62:678.028.296 _bRRM |
||
| 245 | 0 | _aSecond International Symposium on RVNRL (Radiation Vulcanization of Natural Rubber Latex) 15-17 July 1996, Kuala Lumpur, Malaysia. | |
| 260 | _bRRIM | ||
| 942 | _cBK | ||
| 999 |
_c43971 _d43971 |
||